Catálogo
 En Linea

10 años de construcción : (Registro nro. 26627)

Detalles MARC
000 -CABECERA
campo de control de longitud fija 00992nam a2200241 a 4500
001 - NÚMERO DE CONTROL
campo de control 000027135
003 - IDENTIFICADOR DEL NÚMERO DE CONTROL
campo de control OSt
005 - FECHA Y HORA DE LA ÚLTIMA TRANSACCIÓN
campo de control 20201214130639.0
007 - CAMPO FIJO DE DESCRIPCIÓN FÍSICA--INFORMACIÓN GENERAL
campo de control de longitud fija ta
008 - DATOS DE LONGITUD FIJA--INFORMACIÓN GENERAL
campo de control de longitud fija 110329e1978 dr c re s000 0 spa d
040 ## - FUENTE DE LA CATALOGACIÓN
Centro catalogador/agencia de origen DO-SdBNP
Lengua de catalogación spa
Centro/agencia transcriptor BNPHU
041 ## - CÓDIGO DE LENGUA
Código de lengua original spa
049 ## - FONDOS LOCALES (OCLC)
Fondos de biblioteca BNPD
082 ## - NÚMERO DE LA CLASIFICACIÓN DECIMAL DEWEY
Número de clasificación BNPHU-xxxx
Número de documento/Ítem R426d
110 1# - ENTRADA PRINCIPAL--NOMBRE DE ENTIDAD CORPORATIVA
Nombre de entidad corporativa o nombre de jurisdicción como elemento de entrada República Dominicana .
Unidad subordinada Secretariado Técnico de la Presidencia de la República :
Término indicativo de función/relación Oficina Nacional de Presupuesto. Departamento de programación y estudios presupuestarios
9 (RLIN) 54198
245 10 - MENCIÓN DE TÍTULO
Título 10 años de construcción :
Resto del título relación de obras construidas por el gobierno central 1966-1976.
246 10 - FORMA VARIANTE DE TÍTULO
Título propio/Titulo breve Diez años de construcción
260 ## - PUBLICACIÓN, DISTRIBUCIÓN, ETC.
Lugar de publicación, distribución, etc. Santo Domingo :
Nombre del editor, distribuidor, etc. Secretariado Técnico de la Presidencia de la República,
Fecha de publicación, distribución, etc. 1978.
300 ## - DESCRIPCIÓN FÍSICA
Extensión 139 p. :
Otras características físicas il. retrs. , 14 lam. ;
Dimensiones 29 cm.
500 ## - NOTA GENERAL
Nota general Contiene índice de provincias.-
500 ## - NOTA GENERAL
Nota general Contiene resumen de las obras por provincias dese 1966 hasta el 31 de diciembre de 1976.-
942 ## - ELEMENTOS DE PUNTO DE ACCESO ADICIONAL (KOHA)
Fuente del sistema de clasificación o colocación Dewey Decimal Classification
Tipo de ítem Koha Libro
Existencias
Estado de retiro Estado de pérdida Fuente del sistema de clasificación o colocación No para préstamo Código de colección Localización permanente Ubicación/localización actual Ubicación en estantería Fecha de adquisición Fuente de adquisición Total de préstamos Signatura topográfica completa Código de barras Fecha visto por última vez Número de copia Precio válido a partir de Tipo de ítem Koha
    Dewey Decimal Classification Préstamo en sala Dominicana de Servicio Biblioteca Nacional Pedro Henríquez Ureña General Depósito 08.08.2013 Donado por la familia Reyes Duluc   BNPHU-SD xxxx R426d 2020-0727 25.06.2020 e.3 25.06.2020 Libro y Folleto Colección Dominicana de Servicio
    Dewey Decimal Classification Excluido de préstamo Patrimonio Dominicano Biblioteca Nacional Pedro Henríquez Ureña Patrimonio Dominicano Depósito 09.05.1984 Donado por Julio Pedro Alonso Bobadilla   BNPHU-PD xxxx R426d 2020-0726 25.06.2020 e.2 25.06.2020 Libro y Folleto Colección Patrimonio Dominicano
    Dewey Decimal Classification Excluido de préstamo Patrimonio Dominicano Biblioteca Nacional Pedro Henríquez Ureña Patrimonio Dominicano Depósito 15.11.1982     BNPHU-PD xxxx R426d 2020-0725 25.06.2020   25.06.2020 Libro y Folleto Colección Patrimonio Dominicano

Con tecnología Koha